MDQL
is popping MORE tags! Check the
thread
!
Quizzes
Events
Quiz Creation
Community
Videos
Private Events
Remove Ads
Sign In
Join for FREE
Feedback
Dark Mode
Quiz Categories
Sports
Geography
Music
Movies
Television
Just For Fun
Miscellaneous
History
Literature
Language
Science
Gaming
Entertainment
Religion
Holiday
For Kids
Quiz Lab
Recent
Popular Today
Quiz Kudos Today
Editor Picks
Curator Picks
Quizzes by...
Day
Popularity
Type
Ratings
Length
Year
Community
Subscriptions
Recent Discussions
Orange Saloon
Badges
Playlists
Quests
Create
Leaderboards
Showdown
Live 5
Trivia Bingo
Activity
Puzzle Library
Sporcle Events
Private Events
Virtual Trivia
Globe League
Become a Host
Pub Owners
SporcleCon
Opinionation
Our Games
Videos
Blog
Mobile Apps
Partnerships
Remove Ads and Go Orange
Feedback
Literature
Harry Potter
A Song of Ice and Fire
The Hunger Games
Literary Character
Shakespeare
Book
Author
Novel
Poem
Young Adult
Children's Books
Play
Lord of the Rings
Literature
Harry Potter
A Song of Ice and Fire
The Hunger Games
Literary Character
Shakespeare
Book
Author
Novel
Poem
Young Adult
Children's Books
Play
Lord of the Rings
Random Quiz
Search Sporcle
×
Quiz Lab
Quiz Lab
Literature
group
Type in answers that appear in a list
Type in answers that appear in a list
Classic
Best Score? Go Orange.
Fives in Harry Potter Stats
Can you name the people and things grouped in fives?
By
bluedevil01
6m
35 Questions
287 Plays
287 Plays
287 Plays
Comments
Comments
Give Quiz Kudos
Give Quiz Kudos
-
- Ratings
hide this ad
Replay
Link that replays current quiz
Next Quiz
Link to next quiz in quiz playlist
You Got
0%
They Got
Avg Score
76%
Avg Friend Score
Upgrade to see
Score Distribution
Jump to the score distribution portion of the page
Score
0/35
Timer
06:00
0
Plays Today
Group
Members
% Correct
Gryffindor boys in Harry's year
Harry Potter
99.7%
Known Parselmouths
Harry Potter
99.7%
Gryffindor boys in Harry's year
Ron Weasley
99.3%
Brothers of Ron
Percy
99%
Brothers of Ron
Fred
98.6%
Brothers of Ron
George
98.6%
Gryffindor boys in Harry's year
Neville Longbottom
97.2%
Gryffindor boys in Harry's year
Seamus Finnigan
96.9%
Brothers of Ron
Bill
96.9%
Brothers of Ron
Charlie
96.9%
Gryffindor boys in Harry's year
Dean Thomas
95.1%
Known Parselmouths
Lord Voldemort
93%
Giants and half-
giants who appear in the series
Hagrid
91.6%
Victims of 'Avada Kevadra' in the fourth book
Cedric Diggory
90.2%
Obstacles protecting the Sorcerer's Stone
Fluffy
88.5%
Obstacles protecting the Sorcerer's Stone
The Flying Keys
87.1%
Obstacles protecting the Sorcerer's Stone
Giant Wizard Chess
86.1%
Giants and half-
giants who appear in the series
Grawp
85%
Group
Members
% Correct
Obstacles protecting the Sorcerer's Stone
The Potions Riddle
84.7%
Non-
english Languages spoken in the series
French
84%
Obstacles protecting the Sorcerer's Stone
Devil's Snare
81.2%
Known Parselmouths
Salazar Slytherin
78.7%
Giants and half-
giants who appear in the series
Madame Maxime
70.4%
Non-
english languages spoken in the series
Parseltongue
69.3%
Known Parselmouths
Morfin Gaunt
68.3%
Known Parselmouths
Marvolo Gaunt
67.2%
Victims of 'Avada Kevadra' in the fourth book
Frank Bryce
65.2%
Non-
english Languages spoken in the series
Bulgarian
63.8%
Victims of 'Avada Kevadra' in the fourth book
Barty Crouch, Sr.
52.3%
Victims of 'Avada Kevadra' in the fourth book
Bertha Jorkins
43.2%
Non-
english Languages spoken in the series
Gobbledygook
41.5%
Non-
english Languages spoken in the series
Mermish
35.2%
Giants and half-
giants who appear in the series
Karkus
31%
Victims of 'Avada Kevadra' in the fourth book
Spider
19.5%
Giants and half-
giants who appear in the series
Golgomath
14.3%
Quiz Playlist
Details
Report
Send in Message
Add To Playlist
Classic:
Type in answers that appear in a list
Last Updated: Feb 16, 2017
Quiz Scoreboard
CHALLENGE
Sign Up to Join the Scoreboard
Show All
Scores
Hide
Comments
May contain spoilers
Recently Published
1-10 Letter E Words III
by El_Dandy
Language
2m
Street Fighter Characters
by Artimus82
Gaming
60s
College Basketball Coaching Resumes
by pancakes188
Sports
9m
More to Explore
Quiz From the Vault
Featured Blog Post
Where Did the Easter Bunny Come From?
hide this ad
You Might Also Like...
Tags
Five
group
Grouped
Today's Top Quizzes in Literature
Browse Literature
hide this ad
Today's Top Quizzes in group
Browse group
Top Contributed Quizzes in Literature
1
Sneaky Slytherin Logic Puzzle
2
Get The Picture: Black or White Literature
3
5-to-1: Plays
4
A Court of Thorns and Roses (ACoTaR) Logic Puzzle
5
One Thing in Common: Literature
6
One Thing in Common: Literature II
7
One Thing in Common: Books
8
One Thing in Common: Literature 3
9
'Middle' Earth
10
Harry Potter Neighbourly Logic Puzzle #1
Explore More
Trending Topics
Harry Potter
Marvel
Crossword
NBA
Disney
Kpop
Anime
Country
Pokémon
WWE
Soccer
The Office
Song
Puzzle
NFL
hide this ad
More By:
bluedevil01
Quiz
Plays
Rating
Category
Featured
Created
Diary of Anne Frank
993
3.63
History
Jul 1, 2011
Fives in Harry Potter
287
3.50
Literature
Jul 6, 2011
Work by Love Interest
94
4.00
Literature
Jun 27, 2011
Go to Creator's Profile
Score Distribution
Quiz Creator Spotlight
bluedevil01
Follow
Send a Message
Quizzes Created
-
Created Quiz Play Count
-
More By This Creator
Popular Quizzes Today
1
Find the US States - No Outlines Minefield
2
Find the Countries of Europe - No Outlines Minefield
3
The Countries of the World
4
Find the US States
5
Risky Map Clicking: Biggest States A-Z
6
US States
7
Popular People in 1961
8
Movies - When Are They Set?
More Literature Quizzes
Not What it Sounds Like: Novels
Curator's Pick
Trending Quizzes
Risky Map Clicking: Least Populous States A-Z
Billboard Blitz: Aretha Franklin
Famous Russians: Author or Composer?
1-10 Letter G Words
Countries of the World: 200 Million BC
Recently Updated
Leaping Animals
pecheneg
Reality TV Shows (A-Z)
bhenderson79
Rickey Henderson's Hall of Fame Teammates
pecheneg
Champions League XIs: Arsenal
pecheneg
Quick Pick: Celebrities in WWE's Hall of Fame
aduchscher
A-Z Keypad Blitz II
pecheneg
Multiple Oscar Actors
pecheneg
Mystery Phrase Blitz: Oscar 'Best Actors'
pecheneg
F. Scott Fitzgerald Novels
LTH
Pick 3 Villains
ddd62291
Trending Topics
Anime
Harry Potter
Crossword
NBA
Marvel
Disney
Kpop
The Office
Country
Puzzle
Pokémon
WWE
NFL
Soccer
Song
Your Account Isn't Verified!
In order to create a playlist on Sporcle, you need to verify the email address you used during registration. Go to your
Sporcle Settings
to finish the process.
Report this User
Report this user for behavior that violates our
Community Guidelines
.
Details:
Send Report
Go to the Sporcle.com Mobile Site →
Comments